FAO monthly bulletin of statistics

Gespeichert in:
Bibliographische Detailangaben
Format: Schriftenreihe
Sprache:Englisch
Veröffentlicht: Rome Food and Agriculture Organization 1983
Tags: Tag hinzufügen
Keine Tags, Fügen Sie das erste Tag hinzu!

MARC

LEADER 00000nas2a22000001 4500
001 s121636
005 20250730114207.7
041 0 |a eng 
044 |a IT 
245 1 0 |a FAO monthly bulletin of statistics 
264 1 |a Rome  |b Food and Agriculture Organization  |c 1983 
300 |a 1 zv. 
500 |a chýba č. 9, 10 
773 0 |w eu_un_cat*s120686